| 000 | 03155cam a2200457 i 4500 | ||
|---|---|---|---|
| 001 | 22050304 | ||
| 003 | BJBSDDR | ||
| 005 | 20260305123422.0 | ||
| 006 | m |o d | | ||
| 007 | cr ||||||||||| | ||
| 008 | 140804s2014 mdu ob 001 0 eng | ||
| 010 | _a 2021675855 | ||
| 020 |
_a9780739182673 _qebook |
||
| 020 | _q9781498505987 | ||
| 035 | _a22050304 | ||
| 040 |
_aDLC _beng _erda _epn _cDLC |
||
| 041 | _aeng | ||
| 043 |
_acl----- _aa-ir--- |
||
| 050 | 0 | 0 |
_aF1416.I72 _bIr65i 2014 |
| 082 | 0 | 0 |
_a327.8055 _223 |
| 245 | 0 | 0 |
_aIran's strategic penetration of Latin America / _cedited by Joseph M. Humire and Ilan Berman ; foreword by Marta Lucía Ramírez. |
| 264 | 1 |
_aLanham, Maryland : _bLexington Books, _c[2014]. |
|
| 300 |
_a1 online resource (xviii, 123 pages) : _billustration ; _c23 cm. |
||
| 336 |
_atext _btxt _2rdacontent |
||
| 337 |
_acomputer _bc _2rdamedia |
||
| 338 |
_aonline resource _bcr _2rdacarrier |
||
| 504 | _aIncludes bibliographical references and index. | ||
| 505 | 0 | _aPreface : Iran's intrusion : an overview / Joseph Humire -- What Iran wants in the Americas / Ilan Berman -- A marriage of radical ideologies / Jon B. Perdue -- The ALBA : Iran's gateway / Joel Hirst -- The Southern Cone : Iran's backdoor / Ivan Witker -- Iran and Islamic extremism in Brazil / Leonardo Coutinho de Lima -- Sanctions busting schemes in Ecuador / Alex Pérez -- A Venezuelan platform for Iran's military ambitions / Martin Rodil -- A Bolivian base for Iran's military advisors / Adrian Oliva -- Rewriting history with Argentina / Julian M. Obiglio and Diego C. Naveira -- Anticipating Iran's next moves / Joseph Humire -- Formulating a hemispheric response / Ilan Berman and Joseph Humire. | |
| 520 | _aIn recent years, significant attention has focused upon the Islamic Republic of Iran's nuclear ambitions, and the threat they pose to the United States and the West. Far less well understood, however, has been the phenomenon of Iran's regional advance in America's own Hemisphere-an intrusion that has both foreign policy and national security implications for the United States and its allies. In this collection, noted specialists and regional experts examine the various facets of Iran's contemporary presence in Central and South America, and detail what the Islamic Republic's growing geopolitical footprint south of the U.S. border signifies, both for Iran and for the United States | ||
| 588 | _aDescription based on print version record and CIP data provided by publisher; resource not viewed. | ||
| 651 | 0 |
_aLatin America _xForeign relations _zIran. |
|
| 651 | 0 |
_aIran _xForeign relations _zLatin America. |
|
| 651 | 0 |
_aIran _xForeign relations _y1979- |
|
| 700 | 1 |
_aHumire, Joseph M. _d1979- _eeditor of compilation. _947336 |
|
| 700 | 1 |
_aBerman, Ilan, _d1975- _eeditor of compilation. _912315 |
|
| 776 | 0 | 8 |
_iPrint version: _tIran's strategic penetration of Latin America _dLanham, Maryland : Lexington Books, [2014] _z9780739182666 (cloth : alk. paper) _w(DLC) 2014030856 |
| 906 |
_a7 _bcbc _corigcop _d1 _eecip _f20 _gy-gencatlg |
||
| 942 |
_2lcc _cBK _n0 |
||
| 946 | _idpf | ||
| 999 |
_c126520 _d126520 |
||